000
00309nam a2200133 4500
020
_a
0174310145
050
0
0
_a
T353
_b
.Y37 1979
245
_a
Technical drawing 3 /
_c
A. Yarwood.
260
_a
Nairobi, Kenya :
_b
Thomas Nelson,
_c
c1973.
300
_a
96 p. ;
500
_a
iIl.
650
_b
Drawing
942
_c
GEN
999
_c
1196
_d
1196